[Event "Dvorkovich Memorial op-B 9th"]
[Site "Taganrog"]
[Date "2014.08.05"]
[Round "4"]
[White "Shubny, Aleksandr"]
[Black "Berdashkevich, Svetlana"]
[Result "0-1"]
[WhiteElo "2048"]
[BlackElo "1874"]
[PlyCount "118"]
[EventDate "2014.08.02"]
[EventType "swiss"]
[EventRounds "9"]
[EventCountry "RUS"]
[SourceTitle "CBM 162 Extra"]
[Source "ChessBase"]
[SourceDate "2014.10.17"]
[SourceVersion "1"]
[SourceVersionDate "2014.10.17"]
[SourceQuality "1"]

1. d4 c6 2. Nf3 Nf6 3. Bg5 d5 4. e3 Bg4 5. Nbd2 Nbd7 6. h3 Bh5 7. Bf4 e6 8. Bd3 Qb6 9. Rb1 c5 10. c3 Bd6 11. Bxd6 Qxd6 12. 0-0 0-0 13. b4 c4 14. Bc2 b5 15. e4 e5 16. g4 Nxg4 17. hxg4 Bxg4 18. Qe1 Qg6 19. Nh4 Qg5 20. f3 Bxf3+ 21. Kh2 Qf4+ 22. Qg3 Qxd2+ 23. Rf2 Qxc3 24. exd5 e4 25. Bxe4 Qxd4 26. Bxf3 f5 27. Rd1 Qe5 28. d6 Qxg3+ 29. Kxg3 f4+ 30. Kh3 Rad8 31. Re2 g5 32. Rg1 h6 33. Bd5+ Kg7 34. Re7+ Kf6 35. Re6+ Kg7 36. Re7+ Kf6 37. Rge1 gxh4 38. R1e6+ Kg5 39. Be4 f3 40. Rg6+ Kf4 41. Rg4+ Ke3 42. Bc6+ Kd3 43. Rg1 f2 44. Rf1 Nb6 45. d7 a6 46. Re8 c3 47. Rxf2 Rxf2 48. Be4+ Kd4 49. Rxd8 Nxd7 50. Bg6 c2 51. Rxd7+ Kc3 52. Rc7+ Kb2 53. Bxc2 Rxc2 54. Ra7 Kxa2 55. Rxa6+ Kb3 56. Rxh6 Rc4 57. Kg2 Kxb4 58. Kf3 Kc3 59. Ke2 Kc2 0-1

[Event "Chigorin Memorial 20th"]
[Site "St Petersburg"]
[Date "2012.11.04"]
[Round "9"]
[White "Berdashkevich, Svetlana"]
[Black "Westerberg, Claes Goran"]
[Result "0-1"]
[WhiteElo "1825"]
[BlackElo "2007"]
[PlyCount "96"]
[EventDate "2012.10.27"]
[EventType "swiss"]
[EventRounds "9"]
[EventCountry "RUS"]
[SourceTitle "EXT 2013"]
[Source "ChessBase"]
[SourceDate "2012.11.22"]
[SourceVersion "1"]
[SourceVersionDate "2012.11.22"]
[SourceQuality "1"]

1. e4 c5 2. Nf3 e6 3. c3 Nf6 4. e5 Nd5 5. d4 cxd4 6. cxd4 d6 7. Nc3 Nxc3 8. bxc3 Nc6 9. Bd3 Be7 10. exd6 Bxd6 11. Qb3 0-0 12. Ba3 Bxa3 13. Qxa3 e5 14. 0-0 Bg4 15. Be4 exd4 16. Bxc6 bxc6 17. Nxd4 Qg5 18. Qd6 c5 19. Nc2 Bh3 20. Ne3 Rfd8 21. Qg3 Qxg3 22. hxg3 Be6 23. a3 Rd3 24. Rac1 g6 25. Rfd1 Rxd1+ 26. Nxd1 Rb8 27. Kf1 Rb3 28. Ra1 Bf5 29. Ke1 Be4 30. f3 Bf5 31. Kd2 h5 32. Ra2 Kf8 33. Nb2 Bb1 34. Ra1 Rxb2+ 35. Kc1 Rc2+ 36. Kd1 Rxg2 37. Rxb1 Rg1+ 38. Kc2 Rxg3 39. Kb3 Rxf3 40. Kc4 h4 41. Rb2 Rf5 42. Kb5 g5 43. a4 g4 44. Rh2 h3 45. Ka6 Rh5 46. Kxa7 g3 47. Rxh3 Rxh3 48. Kb6 g2 0-1

[Event "Chigorin Memorial 20th"]
[Site "St Petersburg"]
[Date "2012.11.03"]
[Round "8"]
[White "Hallaeva, Bahar"]
[Black "Berdashkevich, Svetlana"]
[Result "1-0"]
[WhiteElo "2139"]
[BlackElo "1825"]
[PlyCount "67"]
[EventDate "2012.10.27"]
[EventType "swiss"]
[EventRounds "9"]
[EventCountry "RUS"]
[SourceTitle "EXT 2013"]
[Source "ChessBase"]
[SourceDate "2012.11.22"]
[SourceVersion "1"]
[SourceVersionDate "2012.11.22"]
[SourceQuality "1"]

1. e4 c6 2. c4 d5 3. exd5 cxd5 4. cxd5 Nf6 5. Nc3 Nxd5 6. d4 g6 7. Bc4 Nb6 8. Bb3 Bg7 9. Nf3 0-0 10. d5 N8d7 11. Be3 Nf6 12. 0-0 Bf5 13. Re1 Re8 14. Ne5 Nfd7 15. Nxd7 Bxd7 16. Bg5 h6 17. Bh4 Rc8 18. Qe2 g5 19. Bg3 Rxc3 20. bxc3 Bxc3 21. Be5 Bxa1 22. Bxa1 e5 23. dxe6 Bxe6 24. Qb2 f6 25. Rxe6 Rxe6 26. Bxe6+ Kg7 27. g3 Qe7 28. Bf5 Nc4 29. Qd4 Qe1+ 30. Kg2 Ne5 31. Bc3 Qc1 32. Qc5 h5 33. Qe7+ Kg8 34. Be6+ 1-0